The Impact of Financial Crisis on the Euro Adoption Perspectives in Central Europe
Maastrichtské kritériá. Analýza ekonomickej a právnej konvergencie. Inflačné a fiškálne kritériá. Konvergencia dlhodobých úrokových mier a participácia v ERM II.
Gespeichert in:
| 1. Verfasser: | |
|---|---|
| Format: | Buchkapitel |
| Sprache: | Englisch |
| Schlagworte: | |
| Tags: |
Keine Tags, Fügen Sie das erste Tag hinzu!
|
MARC
| LEADER | 00000naa$a2200000$$$4500 | ||
|---|---|---|---|
| 001 | 0211659 | ||
| 005 | 20240507091751.8 | ||
| 041 | 0 | |a eng | |
| 044 | |a SK | ||
| 245 | 1 | 0 | |a The Impact of Financial Crisis on the Euro Adoption Perspectives in Central Europe |c Barbora Stanová |
| 520 | |a Maastrichtské kritériá. Analýza ekonomickej a právnej konvergencie. Inflačné a fiškálne kritériá. Konvergencia dlhodobých úrokových mier a participácia v ERM II. | ||
| 610 | 2 | 0 | |a integrácia |
| 610 | 2 | 0 | |a Vyšehradská štvorka |
| 610 | 2 | 0 | |a konvergencia |
| 100 | 1 | |a Stanová, Barbora, 1989- | |